00725cam a22002051 450000100060000000300080000600500170001400800390003103500190007003500190008904000390010804100080014708200320015524501530018726000630034030000260040350400200042965100400044970000300048942671BD-RjUL20211209053556.0160614r19551954enk b 000 0 eng a(BD-RjUL)42789 a(OCoLC)1450600 aDLCcOYUdOCoLCdDLCdBD-RjULbeng aeng a016.33091724bECO 1955 22314aThe economics of 'under-developed' areas :ban annotated reading list of books, articles, and official publications /cCompiled by Arthur Hazlewood. aLondon :bOxford University Press,c1954 [Impression 1955] axii, 156 p. ;c22 cm. aIncludes Index. 0aDeveloping countriesvBibliography. a Hazlewood, Arthur, comp.